Vysoké školy ako integrálna súčasť ekosystému startupov diplomová práca

Guardado en:
Detalles Bibliográficos
Autor principal: Dzurík, Lukáš
Autor Corporativo: Fakulta podnikového manažmentu EU. Katedra manažmentu
Otros Autores: Mišún, Juraj, 1978-
Formato: Libro
Lenguaje:eslovaco
Publicado: Bratislava 2017
Etiquetas: Agregar Etiqueta
Sin Etiquetas, Sea el primero en etiquetar este registro!

MARC

LEADER 00000nbm a2200000 4500
001 0232261
005 20171219094725.3
041 0 |a slo 
044 |a SK 
245 1 0 |a Vysoké školy ako integrálna súčasť ekosystému startupov  |b diplomová práca  |c Lukáš Dzurík ; školiteľ: Juraj Mišún 
264 1 |a Bratislava  |c 2017 
300 |a 80 s. 
100 1 |a Dzurík, Lukáš 
700 1 |a Mišún, Juraj, 1978- 
710 2 |a Fakulta podnikového manažmentu EU. Katedra manažmentu